| 000 | 01479cam a22002774a 4500 | ||
|---|---|---|---|
| 005 | 20250605164232.0 | ||
| 008 | 250528s ||||||||||||||||||||||||d | ||
| 035 | _a21016 | ||
| 020 | _a9786185006242 | ||
| 040 |
_aGR-AtMCL _bgre _dGR-AtMCL _eAACR2 |
||
| 245 | 1 | _aΔιαρροή από τις Δομές της Δια Βίου Εκπαίδευσης Ενηλίκων / Έρευνα για ένα αθέατο πρόβλημα | |
| 260 |
_bΚέντρο Ανάπτυξης Εκπαιδευτικής Πολιτικής, _c2013 |
||
| 300 | _a112 | ||
| 520 | _aΕισαγωγή, Εκπαίδευση και Κοινωνικός Αποκλεισμός, Η έννοια της διαρροής, Μεθοδολογία έρευνας, Το δείγμα, Ερευνητικά εργαλεία, Άλλα στοιχεία, Αποτελέσματα της έρευνας, Θέματα απασχόλησης, Στάσεις και απόψεις για τη διά βίου μάθηση, Καταληκτικές επισημάνσεις, Βιβλιογραφία, Παράρτημα. | ||
| 700 | 1 |
_aΒεργίδης Δ _97033 |
|
| 700 | 1 |
_aΖάγκος Χ _97034 |
|
| 700 | 1 |
_aΚόκκινος Γ _97035 |
|
| 700 | 1 |
_aΚουτούζης Μ _97036 |
|
| 700 | 1 |
_aΚουτούζης Μανώλης _97037 |
|
| 700 | 1 |
_aΚυρίδης Α _97038 |
|
| 700 | 1 |
_aΠανδής Π _97039 |
|
| 700 | 1 |
_aΣωτηρόπουλος Δ _92501 |
|
| 942 | _cBK | ||
| 999 |
_c6091 _d6091 |
||